The Punjab Muslim Students Federation (1937-1947) / (Record no. 187474)
[ view plain ]
| 000 -LEADER | |
|---|---|
| fixed length control field | 00767 a2200169 4500 |
| 003 - CONTROL NUMBER IDENTIFIER | |
| control field | NUST |
| 005 - DATE AND TIME OF LATEST TRANSACTION | |
| control field | 20230209125554.0 |
| 040 ## - CATALOGING SOURCE | |
| Transcribing agency | Nust |
| 082 ## - DEWEY DECIMAL CLASSIFICATION NUMBER | |
| Classification number | 954.91,MIR |
| 100 ## - MAIN ENTRY--PERSONAL NAME | |
| Personal name | Mirza , Hussain, Sarfaraz |
| 9 (RLIN) | 108780 |
| 245 ## - TITLE STATEMENT | |
| Title | The Punjab Muslim Students Federation (1937-1947) / |
| Statement of responsibility, etc. | Sarfaraz Hussain Mirza |
| 260 ## - PUBLICATION, DISTRIBUTION, ETC. | |
| Place of publication, distribution, etc. | Islamabad |
| Name of publisher, distributor, etc. | National Institute Historical And Cultural research |
| Date of publication, distribution, etc. | 1991 |
| 300 ## - PHYSICAL DESCRIPTION | |
| Extent | 491 :p.; |
| 505 ## - FORMATTED CONTENTS NOTE | |
| Formatted contents note | Formation of the Punjab Muslim students Federation (Page-1), Growth and Expansion 1937-1940 (Page-54), Role and the Struggle for Pakistan I (Page-127), Role in the Struggle for Pakistan 1943-1944 II (Page-227), Role in the Struggle for Pakistan III (Page-301). |
| 650 ## - SUBJECT ADDED ENTRY--TOPICAL TERM | |
| Topical term or geographic name entry element | Muslim Students Federation |
| 9 (RLIN) | 108781 |
| 942 ## - ADDED ENTRY ELEMENTS (KOHA) | |
| Source of classification or shelving scheme | |
| Koha item type | Book |
| Call number prefix | 954.91,MIR |
| Withdrawn status | Lost status | Source of classification or shelving scheme | Damaged status | Not for loan | Permanent Location | Current Location | Shelving location | Date acquired | Full call number | Barcode | Date last seen | Price effective from | Koha item type | Public note |
|---|---|---|---|---|---|---|---|---|---|---|---|---|---|---|
| Military College of Signals (MCS) | Military College of Signals (MCS) | General Stacks | 12/12/2016 | 954.91,MIR | MCS5711 | 12/08/2016 | 12/12/2016 | Book | Almirah No.62, Shelf No.2 |
